Ekonomické analýzy

Bibliographic Details
Main Authors: Strážovská, Helena, 1934- (Author), Strážovská, Ľubomíra, 1968- (Author)
Format: Book
Language:Slovak
PhysicalDescription:152 s. sch., tab. 21 cm
Published: Bratislava Merkury 2006
ISBN:8089143385
Edition:[1. vyd.]
Subjects:

MARC

LEADER 00000nam a2200000 a 4500
001 vtls008938371
003 SK-MaSNL
005 20260301170104.0
008 240318s2006 xo l f p 000 0 slo
015 |a SNBA2007/04-01155 
020 |a 8089143385  |q (brož.) 
035 |a 3F593AB1-62A4-4B9A-B991-FD18AD0574D7 
035 |a urn:nbn:sk:snk-aml96f 
035 |a urn:nbn:sk:snk-am008rur 
040 |a SNK  |b slo  |c SNK  |e AACR2 
041 0 |a slo 
044 |a xo  |c SK 
072 7 |a 658  |x Riadenie a správa podniku  |2 konspekt 
080 |a 658  |2 2001 
080 |a 657.41/.45  |2 2001 
080 |a (07)  |2 2001 
100 1 |a Strážovská, Helena,  |d 1934-  |4 aut  |9 199836 
245 1 0 |a Ekonomické analýzy  |c Helena Strážovská, Ľubomíra Strážovská 
250 |a [1. vyd.] 
260 |a Bratislava  |b Merkury  |c 2006 
300 |a 152 s.  |b sch., tab.  |c 21 cm 
504 |a Bibliogr. s. 151-152 
650 0 7 |a podniková ekonomika  |2 SNKPH  |9 3955 
650 0 7 |a finančná analýza  |2 SNKPH  |9 3482 
650 0 7 |a Managerial economics  |2 SNKPHeng  |9 267336 
650 0 7 |a Financial analysis  |2 SNKPHeng  |9 268534 
655 7 |a učebné texty  |2 SNKPH  |9 70568 
655 7 |a Educational texts  |2 SNKPHeng  |9 277375 
700 1 |a Strážovská, Ľubomíra,  |d 1968-  |4 aut  |9 199834 
919 |a 80-89143-38-5 
958 |a NB 
958 |a OND 
968 |d 33 
999 |c 826462  |d 828392 
952 |a SNK  |b SNK  |y PREZ  |7 0  |p 17A0538112  |o snkSC 126374  |i snk2007/2113  |8 0  |0 0  |1 0  |4 0  |d 2007-01-23  |f 1  |l 0  |r 2025-06-11 00:00:00  |w 2026-02-24 
952 |a SNK  |b SNK  |y VYP  |7 0  |p 17A0538113  |o snkSC 126374 D1  |i snk2007/2114  |8 0  |0 0  |1 0  |4 0  |d 2007-01-23  |l 0  |r 2026-02-24 03:23:55  |w 2026-02-24 
952 |t snkSTR 658.1  |a SNKUST  |b SNKUST  |y PREZ  |7 0  |p 17A0538258  |o snkSC 126374 D2  |i snk2007/2403  |8 0  |0 0  |1 0  |4 0  |d 2007-01-25  |l 0  |r 2025-03-21 00:00:00  |w 2026-02-24